<?xml version="1.0" encoding="UTF-8"?>
<collection xmlns="http://www.loc.gov/MARC21/slim">
<record>
  <controlfield tag="001">162753</controlfield>
  <controlfield tag="005">20251017144622.0</controlfield>
  <datafield tag="024" ind1="8" ind2=" ">
    <subfield code="2">sideral</subfield>
    <subfield code="a">145342</subfield>
  </datafield>
  <datafield tag="037" ind1=" " ind2=" ">
    <subfield code="a">ART-2023-145342</subfield>
  </datafield>
  <datafield tag="041" ind1=" " ind2=" ">
    <subfield code="a">spa</subfield>
  </datafield>
  <datafield tag="100" ind1=" " ind2=" ">
    <subfield code="a">Malo Barranco, Laura</subfield>
    <subfield code="u">Universidad de Zaragoza</subfield>
    <subfield code="0">(orcid)0000-0002-5490-5409</subfield>
  </datafield>
  <datafield tag="245" ind1=" " ind2=" ">
    <subfield code="a">Hogar y nobleza en el siglo XVIII. Los espacios para la familia en la casa condal de Aranda</subfield>
  </datafield>
  <datafield tag="260" ind1=" " ind2=" ">
    <subfield code="c">2023</subfield>
  </datafield>
  <datafield tag="506" ind1="0" ind2=" ">
    <subfield code="a">Access copy available to the general public</subfield>
    <subfield code="f">Unrestricted</subfield>
  </datafield>
  <datafield tag="520" ind1="3" ind2=" ">
    <subfield code="a">El siglo XVIII fue una centuria marcada por grandes cambios en el linaje de los condes de Aranda. La falta de herederos y la llegada de nuevos apellidos a la titularidad de la casa noble trajeron consigo un entramado de identidades que caracterizaron el devenir del linaje y aquellos espacios escogidos como residencia familiar. Condes y condesas de Aranda construyeron su cotidianeidad en palacios ligados tradicionalmente al linaje, grandes casas que se adecuaron a los gustos de la época e inmuebles de nueva adquisición cuyas ubicaciones, remodelaciones y diseños guían a través de una realidad cotidiana de la nobleza española en el Siglo de las Luces. En este trabajo se pretende realizar un recorrido por los diferentes espacios elegidos y heredados por el linaje de los Aranda a la hora de crear su hogar, así como por sus residencias predilenctas. Este trabajo transitará por el mundo rural aragonés, base de la riqueza patrimonial de la familia, pasando por Zaragoza hasta Madrid en un viaje por las casas en las que se escribió la historia del condado y de sus prinicpales titulares entre los que destacó la figura del X conde de Aranda, don Pedro Pablo Abarca de Bolea.</subfield>
  </datafield>
  <datafield tag="536" ind1=" " ind2=" ">
    <subfield code="9">info:eu-repo/grantAgreement/ES/DGA/H01-23R</subfield>
    <subfield code="9">info:eu-repo/grantAgreement/ES/MICINN/PID2021-126470NB-I00</subfield>
  </datafield>
  <datafield tag="540" ind1=" " ind2=" ">
    <subfield code="9">info:eu-repo/semantics/openAccess</subfield>
    <subfield code="a">by-nc</subfield>
    <subfield code="u">https://creativecommons.org/licenses/by-nc/4.0/deed.es</subfield>
  </datafield>
  <datafield tag="655" ind1=" " ind2="4">
    <subfield code="a">info:eu-repo/semantics/article</subfield>
    <subfield code="v">info:eu-repo/semantics/publishedVersion</subfield>
  </datafield>
  <datafield tag="710" ind1="2" ind2=" ">
    <subfield code="1">3012</subfield>
    <subfield code="2">490</subfield>
    <subfield code="a">Universidad de Zaragoza</subfield>
    <subfield code="b">Dpto. Historia</subfield>
    <subfield code="c">Área Historia Moderna</subfield>
  </datafield>
  <datafield tag="773" ind1=" " ind2=" ">
    <subfield code="g">13, 47 (2023), 116-134</subfield>
    <subfield code="p">Tiempos mod.</subfield>
    <subfield code="t">Tiempos Modernos</subfield>
    <subfield code="x">1699-7778</subfield>
  </datafield>
  <datafield tag="856" ind1="4" ind2=" ">
    <subfield code="s">575952</subfield>
    <subfield code="u">http://zaguan.unizar.es/record/162753/files/texto_completo.pdf</subfield>
    <subfield code="y">Versión publicada</subfield>
  </datafield>
  <datafield tag="856" ind1="4" ind2=" ">
    <subfield code="s">1888964</subfield>
    <subfield code="u">http://zaguan.unizar.es/record/162753/files/texto_completo.jpg?subformat=icon</subfield>
    <subfield code="x">icon</subfield>
    <subfield code="y">Versión publicada</subfield>
  </datafield>
  <datafield tag="856" ind1="4" ind2="1">
    <subfield code="u">http://www.tiemposmodernos.org/tm3/index.php/tm/article/view/5851</subfield>
    <subfield code="z">Texto completo de la revista</subfield>
  </datafield>
  <datafield tag="909" ind1="C" ind2="O">
    <subfield code="o">oai:zaguan.unizar.es:162753</subfield>
    <subfield code="p">articulos</subfield>
    <subfield code="p">driver</subfield>
  </datafield>
  <datafield tag="951" ind1=" " ind2=" ">
    <subfield code="a">2025-10-17-14:22:20</subfield>
  </datafield>
  <datafield tag="980" ind1=" " ind2=" ">
    <subfield code="a">ARTICLE</subfield>
  </datafield>
</record>
</collection>